Metallica Lyrics – #24: Damage, Inc. - Statistics

General Stats
  • This quiz has been taken 25 times
  • The average score is 81 of 204
Answer Stats
Answer % Correct
in
100%
(Damage,
91%
Damage
91%
Damage,
91%
Inc.,
91%
a
73%
all
73%
All
73%
all,
73%
fuck
73%
Fuck
73%
fucking
73%
is
73%
the
73%
time
73%
will
73%
you,
73%
you
73%
and
64%
Blood
64%
blood
64%
dying
64%
Dying
64%
follow
64%
Go
64%
Go!
64%
here
64%
Incorporated)
64%
Incorporated
64%
it,
64%
it
64%
no
64%
on
64%
regrets
64%
with
55%
your
55%
agony
45%
dark
45%
for
45%
get
45%
of
45%
sets
45%
this,
45%
through,
45%
through
45%
us
45%
we
45%
We
45%
within
45%
come
36%
Dealing
36%
end
36%
from
36%
if
36%
me
36%
never
36%
Never
36%
out
36%
out?
36%
right
36%
these
36%
to
36%
where
36%
chew
27%
closer
27%
don't
27%
endings
27%
fall
27%
feet
27%
happy
27%
honesty
27%
Honesty
27%
jackals
27%
just
27%
know
27%
Know
27%
little
27%
my
27%
name,
27%
our
27%
please
27%
ripping
27%
run
27%
scream
27%
see
27%
shall
27%
shout
27%
spit
27%
Victim
27%
want
27%
what
27%
action
18%
All's
18%
as
18%
bodies
18%
but
18%
Charging
18%
crushing
18%
excuse
18%
fair
18%
fear
18%
feel
18%
gets
18%
give
18%
going
18%
gonna
18%
how
18%
it's
18%
knees,
18%
laugh,
18%
Life
18%
not
18%
one
18%
one's
18%
Or
18%
Sight
18%
Slamming
18%
smell
18%
Steamroller
18%
Step
18%
submission
18%
use
18%
we're
18%
You'll
18%
ain't
9%
back
9%
Bloody,
9%
conformity
9%
cry
9%
cure
9%
flee
9%
follows
9%
hard,
9%
hell
9%
hunt
9%
Inbred,
9%
Living
9%
make
9%
nightly
9%
only
9%
razorback
9%
rob
9%
soul
9%
Stepping
9%
sure
9%
Tear
9%
Try
9%
until
9%
work
9%
against
0%
Following
0%
grain
0%
instinct
0%
trend
0%
No matching quizzes found
Score Distribution
Percent of People with Each Score
Percentile by Number Answered
Your Score History
You have not taken this quiz